The blue eagle, from egg to earth /

Bibliographic Details
Main Author: Johnson, Hugh S. (Hugh Samuel), 1882-1942
Format: Book
Language:English
Published: Garden City, N.Y : Doubleday, Doran & company, inc., 1935.
Subjects:

MARC

Tag First Indicator Second Indicator Subfields
LEADER 00000cam a2200000 4500
001 in00000219521
005 20151009084001.0
008 720801s1935 nyuacf 00010 eng
010 |a  35013752  
035 |a (OCoLC)00370832 
035 |9 ABA0220AM 
040 |c CSU  |d TXA  |d UtOrBLW 
049 |a TXAM  |c [303508] 
050 0 |a HD3616.U46  |b J6 1935a 
082 0 |a 330.973 
100 1 |a Johnson, Hugh S.  |q (Hugh Samuel),  |d 1882-1942. 
245 1 4 |a The blue eagle, from egg to earth /  |c by Hugh S. Johnson. 
264 1 |a Garden City, N.Y :  |b Doubleday, Doran & company, inc.,  |c 1935. 
300 |a xiv pages, 1 ., 459 pages, 1 ., 14 pages :  |b illustrations, plate, portraits ;  |c 22 cm. 
336 |a text  |b txt  |2 rdacontent 
337 |a unmediated  |b n  |2 rdamedia 
338 |a volume  |b nc  |2 rdacarrier 
500 |a The author's experiences as head of the National Recovery Administration, with an autobiographical introduction of fifteen chapters. 
500 |a "First edition." 
610 1 0 |a United States.  |b National Recovery Administration. 
999 |a MARS 
999 f f |s 42ce4ee0-54b4-3212-be3a-fa13fda34559  |i 97f021df-4601-3f58-83bc-40cb4846aace  |t 0 
952 f f |p ric  |a Texas A&M University  |b Rellis Campus  |c Joint Library Facility  |d Remote Storage  |t 0  |e HD3616.U46 J6 1935a  |h Library of Congress classification  |i unmediated -- volume  |m A14802672397 
998 f f |a HD3616.U46 J6 1935a  |t 0  |l Remote Storage